[Event "End of summer"]
[Site "SchemingMind.com"]
[Date "2013.09.14"]
[Round "-"]
[White "MKruger"]
[Black "John Hamer"]
[Result "1-0"]
[WhiteCountry "GER"]
[BlackCountry "ENG"]
[WhiteElo "2101"]
[WhiteRD "81"]
[BlackElo "2071"]
[BlackRD "69"]
[GameID "338198"]

1. d4 e6 2. c4 Nf6 3. g3 d5 4. Nf3 Be7 5. Bg2 O-O 6. O-O dxc4 7. Qc2 a6 8. Qxc4 b5 9. Qc2 Bb7 10. Bd2 Be4
11. Qc1 Nbd7 12. Ba5 Rc8 13. Nbd2 Bb7 14. a3 Nb6 15. Rd1 Bd5 16. Qc2 c5 17. Rac1 c4 18. e4 Bb7 19. Ng5 g6 20. Nf1 Qc7
21. Ne3 Rfd8 22. h4 h6 23. Nxe6 fxe6 24. e5 Kf7 25. exf6 Bxf6 26. h5
1-0

[Event "End of summer"]
[Site "SchemingMind.com"]
[Date "2013.09.12"]
[Round "-"]
[White "John Hamer"]
[Black "MKruger"]
[Result "0-1"]
[WhiteCountry "ENG"]
[BlackCountry "GER"]
[WhiteElo "2071"]
[WhiteRD "69"]
[BlackElo "2101"]
[BlackRD "81"]
[GameID "338199"]

1. d4 Nf6 2. Nf3 g6 3. c4 Bg7 4. Bg5 Ne4 5. Bf4 d5 6. cxd5 Qxd5 7. Bxc7 Bf5 8. e3 Na6 9. Bf4 Qa5+ 10. Nbd2 Nb4
11. Rc1 O-O 12. a3 Nc6 13. Rc4 Rac8 14. Ra4 Qb6 15. Nc4 Qd8 16. Qb3 e5 17. Nfxe5 Bxe5 18. Bxe5 Nxe5 19. Nxe5 Rc1+ 20. Ke2 Qh4
21. g3 Qh5+ 22. g4 Qh4
0-1

[Event "End of summer"]
[Site "SchemingMind.com"]
[Date "2013.09.26"]
[Round "-"]
[White "harsh"]
[Black "John Galvin"]
[Result "0-1"]
[WhiteCountry "IND"]
[BlackCountry "USA"]
[WhiteElo "2106"]
[WhiteRD "82"]
[BlackElo "2365"]
[BlackRD "77"]
[GameID "338745"]

1. d4 Nf6 2. c4 g6 3. Nf3 Bg7 4. g3 c6 5. Bg2 d5 6. b3 dxc4 7. bxc4 c5 8. Bb2 O-O 9. O-O cxd4 10. Nxd4 Qb6
11. Qb3 Nfd7 12. e3 e5 13. Nf3 Nc5 14. Qxb6 axb6 15. Nxe5 Nbd7 16. f4 Nxe5 17. fxe5 Nd3 18. Bd4 Nxe5 19. Nd2 Ra4 20. Rfd1 Ng4
21. Nf1 Rxc4 22. Bxg7 Kxg7 23. Rab1 Rc2 24. Rxb6 Rxa2 25. Bxb7 Bxb7 26. Rxb7 Ne5 27. Rc1 Rfa8 28. Rcb1 Nf3+ 29. Kh1 Re2 30. R1b2 Ra2
31. Rxe2 Rxe2 32. Rb1 Rf2 33. Rc1 Kf6 34. Ra1 Kf5 35. h3 Ke4 36. Rb1 Kd3 37. g4 Ke2 38. Ng3+ Kxe3 39. Nf1+ Kf4
0-1

[Event "End of summer"]
[Site "SchemingMind.com"]
[Date "2013.09.26"]
[Round "-"]
[White "John Galvin"]
[Black "harsh"]
[Result "1-0"]
[WhiteCountry "USA"]
[BlackCountry "IND"]
[WhiteElo "2365"]
[WhiteRD "77"]
[BlackElo "2106"]
[BlackRD "82"]
[GameID "338748"]

1. e4 Nc6 2. Nf3 e5 3. Bb5 Nf6 4. O-O Nxe4 5. d4 Nd6 6. Bxc6 dxc6 7. dxe5 Nf5 8. Qxd8+ Kxd8 9. Nc3 Ke8 10. b3 b6
11. Rd1 Bb7 12. Bb2 Be7 13. Rd3 Rd8 14. Rad1 Rxd3 15. Rxd3 h5 16. Ne2 c5 17. c4 Be4 18. Rd1 Bxf3 19. gxf3 Rh6 20. Ng3 Nh4
21. f4 Nf3+ 22. Kg2 Nh4+ 23. Kf1 g6 24. Ne4 Nf5 25. Nf6+ Bxf6 26. exf6 Nd6 27. Be5 Kd7 28. Bxd6 cxd6 29. Re1 d5 30. Re7+ Kd6
31. cxd5 Rh7 32. Rxa7 Kxd5 33. Re7 h4 34. Ke2 b5 35. a4 bxa4 36. bxa4 Kc6 37. h3 Kb6 38. Kd3 Ka5 39. Kc4 Kb6 40. a5+ Kxa5
41. Kxc5 Ka4 42. Kd6
1-0

[Event "End of summer"]
[Site "SchemingMind.com"]
[Date "2013.09.24"]
[Round "-"]
[White "michel"]
[Black "Ebanon "]
[Result "0-1"]
[WhiteCountry "CAN"]
[BlackCountry "ESP"]
[WhiteElo "2173"]
[WhiteRD "59"]
[BlackElo "2377"]
[BlackRD "63"]
[GameID "338855"]

1. e4 c5 2. Nf3 d6 3. Bb5+ Nd7 4. d4 Nf6 5. O-O a6 6. Bxd7+ Nxd7 7. Nc3 cxd4 8. Qxd4 e6 9. Rd1 Qb6 10. Qd3 Nc5
11. Qc4 Qc6 12. Nd4 Qd7 13. Nde2 b5 14. Qd4 Bb7 15. f3 Rc8 16. Be3 Qc6 17. Bf2 h5 18. a3 h4 19. h3 Qc7 20. Rd2 e5
21. Qe3 Be7 22. f4 O-O 23. f5 Qd8 24. Qf3 Nd7 25. Rad1 Rc4 26. b3 Rc7 27. Nd5 Bxd5 28. Rxd5 Rxc2 29. R5d3 Rb2 30. b4 Qa8
31. Nc3 Rc8 32. Qh5 Nf6 33. Qf3 d5 34. Nxd5 Nxd5 35. Rxd5 Rcc2 36. Rf1 Ra2 37. Rd7 Qe8 38. Ra7 Bg5 39. Rxa6 Qd8 40. Kh1 Qc8
41. Rd6 Qc4 42. Kg1 Qe2 43. Qxe2 Rxe2 44. Rd3 f6 45. g3 hxg3 46. Rxg3 Rxe4 47. Bc5 Ree2
0-1

[Event "End of summer"]
[Site "SchemingMind.com"]
[Date "2013.09.24"]
[Round "-"]
[White "Ebanon "]
[Black "michel"]
[Result "1-0"]
[WhiteCountry "ESP"]
[BlackCountry "CAN"]
[WhiteElo "2363"]
[WhiteRD "65"]
[BlackElo "2128"]
[BlackRD "59"]
[GameID "338858"]

1. e4 e5 2. Nf3 Nc6 3. Bc4 Nf6 4. d4 exd4 5. e5 d5 6. Bb5 Ne4 7. Nxd4 Bd7 8. Bxc6 bxc6 9. O-O Bc5 10. f3 Ng5
11. Be3 Bb6 12. f4 Ne4 13. Nd2 Nxd2 14. Qxd2 c5 15. Nf3 d4 16. Bf2 Bc6 17. a4 Bxf3 18. gxf3 a5 19. f5 Qd7 20. Qf4 O-O-O
21. Bh4 Rde8 22. Qe4 Kb8 23. Rfe1 f6 24. e6 Qd6 25. Bg3 Qe7 26. b3 g6 27. Kh1 gxf5 28. Qxf5 h5 29. Re4 Reg8 30. Bh4 Rh6
31. Ree1 Re8 32. Re2 Rg8 33. Rg2 Rxg2 34. Kxg2 c6 35. Qf4+
1-0

[Event "End of summer"]
[Site "SchemingMind.com"]
[Date "2013.09.29"]
[Round "-"]
[White "Don71"]
[Black "wilfried"]
[Result "1/2-1/2"]
[WhiteCountry "NIR"]
[BlackCountry "GER"]
[WhiteElo "2283"]
[WhiteRD "97"]
[BlackElo "2371"]
[BlackRD "106"]
[GameID "339128"]

1. e4 c5 2. Nf3 Nc6 3. Nc3 h6 4. d4 cxd4 5. Nxd4 d6 6. Bc4 Bd7 7. O-O e6 8. Be3 Nf6 9. f4 Be7 10. Qe2 Qc7
11. f5 Nxd4 12. Bxd4 e5 13. Bf2 Bc6 14. Rfd1 O-O 15. Nd5 Nxd5 16. Bxd5 Bxd5 17. Rxd5 Rfc8 18. c3 Qc4 19. Kf1 Qc6 20. a4 a6
21. a5 Qc4 22. Bb6 Kf8 23. Kf2 Qxe2+ 24. Kxe2 Rc4 25. Kf3 Rac8 26. h3 Ke8 27. g4 Kd7 28. Be3 R8c6 29. Bf2 Bd8 30. h4 Ke8
31. h5 Bg5 32. Ba7 Kd7 33. Bb6 Ke8 34. Rd3 Kf8 35. Bf2 Ke8 36. Ba7 Kd7 37. Rd5 Ke8 38. Ra3 Kd7 39. Rd1 Kc8 40. Bf2 Kd7
41. Raa1 Rc8 42. Rd5 R8c7 43. Bb6 R7c6 44. Rd3 Ke8 45. Bg1 Ke7= 46. Rad1 Kd7 47. Bf2 Ra4 48. Bb6=
1/2-1/2

[Event "End of summer"]
[Site "SchemingMind.com"]
[Date "2013.09.29"]
[Round "-"]
[White "wilfried"]
[Black "Don71"]
[Result "1-0"]
[WhiteCountry "GER"]
[BlackCountry "NIR"]
[WhiteElo "2371"]
[WhiteRD "106"]
[BlackElo "2283"]
[BlackRD "97"]
[GameID "339135"]

1. d4 Nf6 2. c4 e6 3. g3 c5 4. d5 d6 5. Nc3 Be7 6. dxe6 fxe6 7. Bg2 O-O 8. h4 Nc6 9. Nh3 Bd7 10. Nf4 Qa5
11. Bd2 Qa6 12. b3 Rae8 13. a4 Kh8 14. h5 Ne5 15. Nb5 Bd8 16. Bc3 Ba5 17. Qd2 Bxc3 18. Qxc3 Re7 19. h6 g5 20. Nh5 Bxb5
21. axb5 Qb6 22. Nxf6 Rxf6 23. Ra4 Re8 24. Rh5 g4 25. Qa1 Ra8 26. Rg5 a5 27. Rg7 Rxh6 28. Rxg4 Rf6 29. Rf4 Rh6 30. Rf7 Rb8
31. Re7 Kg8 32. Qc1 Rg6 33. Qc3 Qd8 34. Rxb7 Rxb7 35. Bxb7 Rg7 36. Bh1 Ra7 37. Qe3 Qf6 38. b6 Ra6 39. b7 Nd7 40. Kf1 Kf7
41. Bf3 Kg7 42. Qd2 Qd8 43. Bg4 Nf8 44. Qc3+ Kg8 45. Qe3
1-0

[Event "End of summer"]
[Site "SchemingMind.com"]
[Date "2013.10.19"]
[Round "-"]
[White "jrsanpedro"]
[Black "chesshub"]
[Result "1/2-1/2"]
[WhiteCountry "ARG"]
[BlackCountry "FRA"]
[WhiteElo "2153"]
[WhiteRD "70"]
[BlackElo "2449"]
[BlackRD "74"]
[GameID "340275"]

1. e4 e5 2. Nf3 Nc6 3. Bb5 a6 4. Ba4 Nf6 5. O-O Be7 6. Re1 b5 7. Bb3 d6 8. c3 O-O 9. h3 Bb7 10. d4 h6
11. Nbd2 Re8 12. a4 Bf8 13. Bc2 exd4 14. cxd4 Nb4 15. Bb1 c5 16. d5 Nd7 17. Ra3 c4 18. axb5 axb5 19. Nd4 Qb6 20. Nf5 Ne5
21. Rg3 g6 22. Nf3 Ned3 23. Be3 Qd8 24. Bxh6 Qf6 25. Re2 Rxe4 26. Rxe4 Qxf5 27. Rf4 Qxd5 28. Rd4 Qc5 29. Be3 Bxf3 30. Qxf3 Qc6
31. Qxc6 Nxc6 32. Bxd3 Nxd4 33. Bxd4 cxd3 34. Rxd3 f5 35. Kf1 Ra4 36. Bc3 Rc4 37. b3=
1/2-1/2

[Event "End of summer"]
[Site "SchemingMind.com"]
[Date "2013.10.17"]
[Round "-"]
[White "chesshub"]
[Black "jrsanpedro"]
[Result "1-0"]
[WhiteCountry "FRA"]
[BlackCountry "ARG"]
[WhiteElo "2474"]
[WhiteRD "72"]
[BlackElo "2195"]
[BlackRD "73"]
[GameID "340281"]

1. d4 Nf6 2. c4 e6 3. Nf3 c5 4. d5 exd5 5. cxd5 d6 6. Nc3 g6 7. e4 Bg7 8. h3 a6 9. a4 O-O 10. Bd3 Nbd7
11. O-O Re8 12. Re1 Rb8 13. Bf4 Qc7 14. Bc4 Nh5 15. Bh2 Ne5 16. Be2 Nxf3+ 17. Bxf3 Nf6 18. e5 dxe5 19. d6 Qa5 20. Bxe5 Bd7
21. Re2 Re6 22. Qc2 Rbe8 23. Rae1 b5 24. axb5 axb5 25. Qc1 b4 26. Bxf6 Bxf6 27. Ne4 Bd4 28. Bg4 f5 29. Ng5 Rxe2 30. Bxe2 Kg7
31. Qc4 Rf8 32. Bf1 Bf6 33. Re7+ Bxe7 34. dxe7 Rf6 35. Qd5 Qc7 36. Bc4
1-0

[Event "End of summer"]
[Site "SchemingMind.com"]
[Date "2013.11.05"]
[Round "-"]
[White "Ebanon "]
[Black "Till Plewe"]
[Result "1/2-1/2"]
[WhiteCountry "ESP"]
[BlackCountry "JPN"]
[WhiteElo "2405"]
[WhiteRD "62"]
[BlackElo "2400"]
[BlackRD "70"]
[GameID "341422"]

1. e4 e5 2. f4 d5 3. exd5 exf4 4. Nf3 Nf6 5. Bc4 Nxd5 6. O-O Be6 7. Bb3 c5 8. d3 Nc6 9. Nc3 Nxc3 10. bxc3 Bd6
11. Bxe6 fxe6 12. Qe2 Qe7 13. Re1 Nd8 14. c4 O-O 15. Bb2 Rc8 16. Qe4 Qf7 17. a4 Qf5 18. Bc3 g5 19. h3 h5 20. Rab1=
1/2-1/2

[Event "End of summer"]
[Site "SchemingMind.com"]
[Date "2013.11.05"]
[Round "-"]
[White "Till Plewe"]
[Black "Ebanon "]
[Result "1/2-1/2"]
[WhiteCountry "JPN"]
[BlackCountry "ESP"]
[WhiteElo "2364"]
[WhiteRD "71"]
[BlackElo "2377"]
[BlackRD "63"]
[GameID "341427"]

1. e4 c5 2. Nf3 d6 3. d4 cxd4 4. Nxd4 Nf6 5. Nc3 a6 6. Be3 Ng4 7. Bg5 h6 8. Bh4 g5 9. Bg3 Bg7 10. h3 Ne5
11. f3 Nbc6 12. Bf2 Ng6 13. Qd2 Nxd4 14. Bxd4 Bxd4 15. Qxd4 Qa5 16. O-O-O Be6 17. h4 O-O-O 18. Qa7 Kc7 19. g3 Qc5 20. Qxc5+ dxc5
21. Rxd8 Rxd8 22. hxg5=
1/2-1/2

[Event "End of summer"]
[Site "SchemingMind.com"]
[Date "2014.02.03"]
[Round "-"]
[White "John Galvin"]
[Black "wilfried"]
[Result "0-1"]
[WhiteCountry "USA"]
[BlackCountry "GER"]
[WhiteElo "2329"]
[WhiteRD "80"]
[BlackElo "2413"]
[BlackRD "103"]
[GameID "346695"]

1. e4 c5 2. Nf3 d6 3. Bb5+ Bd7 4. Bxd7+ Nxd7 5. O-O Ngf6 6. Qe2 e6 7. Nc3 a6 8. a4 Be7 9. d3 b6 10. d4 cxd4
11. Nxd4 Qc7 12. g4 h6 13. f4 g5 14. fxg5 hxg5 15. Bxg5 Rg8 16. h4 Qc5 17. Rad1 Nxg4 18. Qxg4 Bxg5 19. Kh1 O-O-O 20. Qe2 b5
21. axb5 Rh8 22. h5 Bf6 23. e5 Rdg8 24. Rf2 Bxe5 25. Ne4 Qd5
0-1

[Event "End of summer"]
[Site "SchemingMind.com"]
[Date "2014.02.03"]
[Round "-"]
[White "wilfried"]
[Black "John Galvin"]
[Result "1-0"]
[WhiteCountry "GER"]
[BlackCountry "USA"]
[WhiteElo "2434"]
[WhiteRD "104"]
[BlackElo "2322"]
[BlackRD "83"]
[GameID "346696"]

1. d4 Nf6 2. c4 g6 3. Nc3 d5 4. Bf4 Bg7 5. e3 O-O 6. Qb3 c5 7. cxd5 Nbd7 8. Nf3 cxd4 9. Nxd4 Nb6 10. Bc4 Bg4
11. Be5 Rc8 12. Be2 Bxe2 13. Ndxe2 Nc4 14. Bxf6 Bxf6 15. Rc1 Qc7 16. Rc2 Be5 17. O-O Bxh2+ 18. Kh1 Na5 19. Qa4 Bd6 20. Rfc1 Qd8
21. Ne4 Rxc2 22. Rxc2 Bb8 23. Qd4 e5 24. Qd3 f5 25. Nc5 Re8 26. Qb5 a6 27. Qd7 Bd6 28. Qxd8 Rxd8 29. Ne6 Rd7 30. f3 h5
31. Rc8+ Kf7 32. e4 b5 33. b3 Nb7 34. Nc1 Kf6 35. Nd3 a5 36. Rc6 Ke7 37. Rb6 fxe4 38. fxe4 b4 39. Nb2 Bb8 40. Nc4 Ba7
41. Ra6 Bd4 42. Nxd4 exd4 43. Rxg6
1-0

[Event "End of summer"]
[Site "SchemingMind.com"]
[Date "2014.02.16"]
[Round "-"]
[White "chesshub"]
[Black "MKruger"]
[Result "1/2-1/2"]
[WhiteCountry "FRA"]
[BlackCountry "GER"]
[WhiteElo "2449"]
[WhiteRD "72"]
[BlackElo "2447"]
[BlackRD "67"]
[GameID "348000"]

1. d4 Nf6 2. c4 g6 3. Nc3 d5 4. cxd5 Nxd5 5. e4 Nxc3 6. bxc3 Bg7 7. Nf3 c5 8. Rb1 O-O 9. Be2 cxd4 10. cxd4 Qa5+
11. Bd2 Qxa2 12. O-O Bg4 13. Bg5 h6 14. Be3 Nc6 15. d5 Na5 16. Bc5 b6 17. Bxe7 Rfe8 18. d6 Nc6 19. Bb5 Nxe7 20. h3 Bxf3
21. Qxf3 Rec8 22. dxe7 Qe6 23. e8=Q+ Rxe8 24. Bxe8 Rxe8 25. Rfe1 Bf8 26. Qe3 Qe5 27. Qd2 h5 28. f4 Bc5+ 29. Kh1 Qd6 30. Qxd6 Bxd6
31. e5 Bc5 32. g4 a5 33. gxh5 gxh5 34. Kg2 a4 35. f5 a3 36. Rbd1 Ra8 37. Re2 b5 38. Kf3 b4 39. Rc2 a2 40. Rxc5 a1=Q
41. Rxa1 Rxa1 42. Rb5 Rb1 43. Kf4 b3 44. Kg5 Kg7 45. Kxh5 b2 46. Kh4=
1/2-1/2

[Event "End of summer"]
[Site "SchemingMind.com"]
[Date "2014.02.17"]
[Round "-"]
[White "MKruger"]
[Black "chesshub"]
[Result "1-0"]
[WhiteCountry "GER"]
[BlackCountry "FRA"]
[WhiteElo "2433"]
[WhiteRD "67"]
[BlackElo "2450"]
[BlackRD "73"]
[GameID "348001"]

1. d4 Nf6 2. c4 e6 3. g3 c5 4. d5 exd5 5. cxd5 d6 6. Nc3 g6 7. Bg2 Bg7 8. Nf3 O-O 9. O-O Re8 10. Nd2 Nbd7
11. a4 a6 12. h3 Rb8 13. Nc4 Ne5 14. Na3 Nh5 15. e4 Bd7 16. a5 Qxa5 17. g4 Nf6 18. f4 Nexg4 19. hxg4 Nxg4 20. f5 Bd4+
21. Kh1 Nf2+ 22. Rxf2 Bxf2 23. Bg5 Qb4 24. Nc2 Qb6 25. Qf3 Bd4 26. Nxd4 cxd4 27. Rf1 Rf8 28. Bf6
1-0

[Event "End of summer"]
[Site "SchemingMind.com"]
[Date "2014.04.30"]
[Round "-"]
[White "wilfried"]
[Black "Ebanon "]
[Result "1-0"]
[WhiteCountry "GER"]
[BlackCountry "ESP"]
[WhiteElo "2470"]
[WhiteRD "108"]
[BlackElo "2419"]
[BlackRD "76"]
[GameID "357374"]

1. d4 Nf6 2. c4 g6 3. g3 Bg7 4. Bg2 O-O 5. Nc3 d6 6. Nf3 c5 7. d5 e6 8. O-O exd5 9. cxd5 a6 10. a4 Nbd7
11. Bf4 Qe7 12. Re1 Re8 13. h3 Nh5 14. Bg5 Bf6 15. Bxf6 Nhxf6 16. e4 Rb8 17. Nd2 Ne5 18. a5 Nd3 19. Re2 Bd7 20. e5 dxe5
21. Nc4 Nb4 22. Rxe5 Qf8 23. Rxe8 Rxe8 24. Qf3 Qe7 25. Rd1 Bf5 26. d6 Qe6 27. Ne3 Bd3 28. d7 Nxd7 29. Qxb7 Nf6 30. Ncd5 Nfxd5
31. Nxd5 Be2 32. Re1 Nd3 33. Rxe2 Qxe2= 34. Nf6+ Kf8 35. Nxe8 Kxe8 36. Qxa6 Qxf2+ 37. Kh2 Ne1 38. Qf1 Qxf1 39. Bxf1 Kd7 40. g4 f6
41. Kg3 Nc2 42. Kf4 Nd4 43. Bc4 h6 44. Ke4 Kc6 45. b4 f5+ 46. gxf5 gxf5+ 47. Ke5 Nf3+ 48. Kf4 Nd4 49. bxc5 Kxc5 50. Bd3
1-0

[Event "End of summer"]
[Site "SchemingMind.com"]
[Date "2014.04.30"]
[Round "-"]
[White "Ebanon "]
[Black "wilfried"]
[Result "1/2-1/2"]
[WhiteCountry "ESP"]
[BlackCountry "GER"]
[WhiteElo "2438"]
[WhiteRD "71"]
[BlackElo "2440"]
[BlackRD "108"]
[GameID "357375"]

1. e4 c5 2. Nf3 Nc6 3. d4 cxd4 4. Nxd4 Nf6 5. Nc3 e5 6. Ndb5 d6 7. Bg5 a6 8. Na3 b5 9. Bxf6 gxf6 10. Nd5 f5
11. c3 Bg7 12. exf5 Bxf5 13. Nc2 Be6 14. g3 O-O 15. Bg2 a5 16. O-O f5 17. Re1 Rb8 18. Nf4 Bf7 19. Nh5 e4 20. Nxg7 Kxg7
21. Ne3 Be6 22. Re2 Ne5 23. Rd2 Nd3 24. Nc2 Qf6 25. Nd4 Bd7 26. a3 b4 27. axb4 axb4 28. Bf1 Ne5 29. f4 exf3 30. Nxf3 bxc3
31. bxc3=
1/2-1/2